000 01157nam a22002657a 4500
999 _c65413
_d65413
005 20240530110823.0
008 190725s2019 ua ab f b 000 0 ara d
017 _a2018/26749
_bمصر. دار الكتب
020 _a9789778123845
040 _aEG-CaGPL
_cEG-CaGPL
082 _221
_a333.91/
_bق/أ م
100 0 _aاسامة محمد الحسينى
245 1 2 _aالموارد المائية فى جمهورية مصر العربية :
_bالادارة المائية المتكاملة = Water Resources In the Arab Republic of Egypt /
_cاعداد اسامة محمد الحسينى
246 1 1 _aWater Resources In the Arab Republic of Egypt
250 _aط.1
260 _aالقاهرة :
_bالمكتب العربى للمعارف،
_c2019.
300 _a1069 ص. :
_bايض ؛
_c24 سم.
504 _aيشتمل على ارجاعات ببليوجرافية
650 0 7 _2qrmak
_aمصادر المياه
650 0 7 _2qrmak
_aمصادر المياه
_xالجوانب الاجتماعية
650 0 7 _2qrmak
_aمصادر المياه
_zمصر
651 _2qrmak
942 _2ddc
_cBK